000 00528nam a2200205Ia 4500
001 1535
008 210403s1986 ii g b000 u asm u
082 _a294.5924
100 _aBora, Mahendra .
245 0 _aGita /
_cMahendra Bora.
_hTextual Documents
250 _a1st ed. /
260 _aCalcutta :
_bStudents Stores ,
_c1986.
300 _a367p. ;
_c21cm.
500 _a271/Ref/Ass
653 _aReligious Literature
653 _aReference-Assamese
653 _aG-Religion
730 _aGita. asm .
942 _2ddc
_cBK
999 _c1531
_d1531